000 00303nam a2200133Ia 4500
005 20251222141816.0
008 251222s9999||||xx |||||||||||||| ||spa||
082 _a869.56/H82
100 _aHuárag, E. J.
245 0 _aAntes del Juicio a Josefina
250 _a1ra.ed.
264 _bMalze
942 _cLIB
999 _c6645
_d6645